Intuición divino tesoro / (Record no. 196046)
[ view plain ]
| 000 -LEADER | |
|---|---|
| campo de control de longitud fija | 00995nam a2200277 i 4500 |
| 001 - NÚMERO DE CONTROL | |
| campo de control | 196046 |
| 003 - IDENTIFICADOR DE NÚMERO DE CONTROL | |
| campo de control | ES-MaACL |
| 005 - FECHA Y HORA DE LA ÚLTIMA TRANSACCIÓN | |
| campo de control | 20240927063118.0 |
| 008 - DATOS DE LONGITUD FIJA--INFORMACIÓN GENERAL | |
| campo de control de longitud fija | 240925s2023 sp ||||| |||| 00| 0 spa d |
| 020 ## - NÚMERO INTERNACIONAL ESTÁNDAR DEL LIBRO | |
| Número Internacional Estándar del Libro | 9798390288009 |
| 040 ## - FUENTE DE CATALOGACIÓN | |
| Centro/agencia transcriptor | ES-MaACL |
| 100 ## - ENTRADA PRINCIPAL--NOMBRE DE PERSONA | |
| Nombre de persona | Fernández, Angel Luís |
| 9 (RLIN) | 238046 |
| Término indicativo de función/relación | Autor |
| 245 ## - MENCIÓN DEL TÍTULO | |
| Título | Intuición divino tesoro / |
| Mención de responsabilidad, etc. | Fernández, Angel Luís |
| 250 ## - MENCION DE EDICION | |
| Mención de edición | Primera edición: abril 2023 |
| 260 ## - PUBLICACIÓN, DISTRIBUCIÓN, ETC. | |
| Lugar de publicación, distribución, etc. | Estados Unidos : |
| Nombre del editor, distribuidor, etc. | Amazon, |
| Fecha de publicación, distribución, etc. | 2023. |
| 300 ## - DESCRIPCIÓN FÍSICA | |
| Extensión | 312 páginas ; |
| Dimensiones | 23 cm |
| 336 ## - TIPO DE CONTENIDO | |
| Fuente | rdacontent |
| Término de tipo de contenido | Texto |
| 337 ## - TIPO DE MEDIO | |
| Fuente | rdamedia |
| Nombre/término del tipo de medio | sin mediación |
| 338 ## - TIPO DE SOPORTE | |
| Fuente | rdacarrier |
| Nombre/término del tipo de soporte | volumen |
| 852 ## - LOCALIZACIÓN | |
| Ubicación | ES-MaACL |
| Ubicación en estantería | Depósito J |
| Donativo/Legado | Donación: Angel Luís Fernández |
| Encuadernación | Rústica |
| Número de control de estantería | N-9173 |
| itemnumber | 196046 |
| Anotaciones manuscritas | Dedicatoria autógrafa del autor |
| 903 ## - NOMBRE PERSONAL DE DONANTE | |
| 9 | 238046 |
| a | Fernández, Angel Luís |
| e | Donante |
| 942 ## - ELEMENTOS DE ENTRADA SECUNDARIOS (KOHA) | |
| Tipo de ítem Koha | Libro impreso |
| Suprimir en OPAC | No |
| 954 ## - CATALOGADOR -ALTA REGISTRO | |
| Estado de la copia | Tatiana Alejandra de Castro Pérez |
| Estatus retirado | Estado de pérdida | Fuente del sistema de clasificación o colocación | Estado de daño | No para préstamo | Colección | Biblioteca de origen | Biblioteca actual | Ubicación en estantería | Fecha de adquisición | Fuente de adquisición | Total de préstamos | Signatura topográfica completa | Código de barras | Visto por última vez | Precio de reemplazo | Tipo de ítem Koha | Nota pública |
|---|---|---|---|---|---|---|---|---|---|---|---|---|---|---|---|---|---|
| Clasificación decimal universal | Libros con dedicatorias | Biblioteca del Ateneo de Madrid | Biblioteca del Ateneo de Madrid | Depósito J | 25/09/2024 | Donación | N-9173 | 101228916 | 25/09/2024 | 25/09/2024 | Libro impreso | Dedicatoria autógrafa del autor |
